Avatar, the last airbender: (Record no. 49799)
| 000 -LEADER | |
|---|---|
| fixed length control field | 00850pam a2200241 i 4500 |
| 001 - CONTROL NUMBER | |
| control field | 016225690 |
| 020 ## - INTERNATIONAL STANDARD BOOK NUMBER | |
| International Standard Book Number | 9781616551841 |
| 100 1# - MAIN ENTRY--PERSONAL NAME | |
| Personal name | Yang, Gene Luen, |
| Relator term | author. |
| 9 (RLIN) | 79373 |
| 245 10 - TITLE STATEMENT | |
| Title | Avatar, the last airbender: |
| Name of part/section of a work | The search / |
| Statement of responsibility, etc | Gene Luen Yang. |
| 250 ## - EDITION STATEMENT | |
| Edition statement | First edition. |
| 260 ## - PUBLICATION, DISTRIBUTION, ETC. (IMPRINT) | |
| Place of publication, distribution, etc | Milwaukie,OR: |
| Name of publisher, distributor, etc | Dark Horse Books; |
| Date of publication, distribution, etc | 2013. |
| 300 ## - PHYSICAL DESCRIPTION | |
| Extent | 75 p. |
| Other physical details | illustrations (colour) ; |
| Dimensions | 23 cm |
| 490 ## - SERIES STATEMENT | |
| Series statement | Avatar - the last airbender; the search, Bk. 3 |
| 500 ## - GENERAL NOTE | |
| General note | "Created by Bryan Konietzko, Michael Dante DiMartino"--Preliminary page. |
| 500 ## - GENERAL NOTE | |
| General note | "Nickelodeon"--Cover. |
| 650 ## - SUBJECT ADDED ENTRY--TOPICAL TERM | |
| Topical term or geographic name as entry element | Heroes. |
| 9 (RLIN) | 76479 |
| 655 ## - INDEX TERM--GENRE/FORM | |
| Genre/form data or focus term | Graphics |
| 9 (RLIN) | 84628 |
| 700 1# - ADDED ENTRY--PERSONAL NAME | |
| Personal name | Gene Luen Yang. |
| 9 (RLIN) | 86922 |
| 700 1# - ADDED ENTRY--PERSONAL NAME | |
| Personal name | Konietzko, Bryan, |
| Relator term | artist. |
| 9 (RLIN) | 86924 |
| 700 1# - ADDED ENTRY--PERSONAL NAME | |
| Personal name | DiMartino, Michael Dante, |
| Relator term | letterer. |
| 9 (RLIN) | 86925 |
| 710 2# - ADDED ENTRY--CORPORATE NAME | |
| Corporate name or jurisdiction name as entry element | Gurihiru, |
| Relator term | artist. |
| 9 (RLIN) | 86926 |
| 942 ## - ADDED ENTRY ELEMENTS (KOHA) | |
| Source of classification or shelving scheme | |
| Koha item type | Books/GRAPHICS |
| Withdrawn status | Lost status | Source of classification or shelving scheme | Damaged status | Not for loan | Collection code | Home library | Current library | Shelving location | Date acquired | Total Checkouts | Full call number | Barcode | Date last seen | Price effective from | Koha item type |
|---|---|---|---|---|---|---|---|---|---|---|---|---|---|---|---|
| SECONDARY | Asian Hope Secondary Library | Asian Hope Secondary Library | SECONDARY | 11/20/2025 | J GRAPHIX YAN SEARCH BK.3 | 208798 | 01/16/2026 | 11/20/2025 | Books/GRAPHICS |